000 00361 a2200145 4500
999 _c12105
_d12105
003 OSt
005 20240117172836.0
008 240117b ||||| |||| 00| 0 eng d
020 _a‎ 9781864705898
082 _a728.370
100 _aSabita Naheswaran
245 _aHouses now :
_b material style
260 _b Images Publishing Dist Ac
_c2014
942 _2ddc